|
|
|
|
| LEADER |
00824cam a2200217 7i4500 |
| 001 |
0000004801 |
| 005 |
20181002090000.0 |
| 020 |
|
|
|a 9780631223313 (pbk.)
|
| 020 |
|
|
|a 0631223312 (pbk.)
|
| 090 |
0 |
0 |
|a LB45
|b .L45 2002
|
| 245 |
0 |
0 |
|a Learning for life in the 21st century :
|b sociocultural perspectives on the future of education
|c edited by Gordon Wells and Guy Claxton.
|
| 260 |
|
|
|a Oxford:
|b Blackwell Pub.,
|c 2002.
|
| 300 |
|
|
|a viii, 304 p.:
|b ill.;
|c 26 cm.
|
| 504 |
|
|
|a Includes bibliographical references and index
|
| 650 |
0 |
0 |
|a Educational anthropology
|
| 650 |
0 |
0 |
|a Education --
|x Aims and objectives
|
| 650 |
0 |
0 |
|a Learning
|
| 700 |
1 |
|
|a Wells, Gordon
|
| 700 |
1 |
|
|a Claxton, Guy
|
| 997 |
|
|
|a Education & Social Sciences, Faculty
|b Education, Department
|
| 999 |
|
|
|a 0000009024
|b BOK
|c OPEN SHELF
|e 1st Floor, Bestari Jaya
|